[Event "Aeroflot Open A 2017"]
[Site "masterchessopen.com Moscow RUS"]
[Date "2017.02.21"]
[Round "1.5"]
[White "Matlakov,M"]
[Black "Sandipan,C"]
[Result "1-0"]
[WhiteElo "2701"]
[BlackElo "2573"]

1.d4 d5 2.c4 c6 3.Nf3 Nf6 4.Nc3 e6 5.Bg5 dxc4 6.e4 b5 7.e5 h6 8.Bh4 g5 9.Nxg5
hxg5 10.Bxg5 Be7 11.exf6 Bxf6 12.Bxf6 Qxf6 13.g3 Na6 14.Bg2 Bb7 15.Ne4 Qe7
16.O-O O-O-O 17.h4 c5 18.a4 Rxd4 19.Qe2 b4 20.Rad1 Qc7 21.Rc1 Bd5 22.Nf6 Bxg2
23.Kxg2 e5 24.Ng4 Qb7+ 25.Kh2 f5 26.Qxe5 Qh7 27.Qf6 Rxg4 28.Qxa6+ Kb8 29.Qf6
f4 30.Rfd1 fxg3+ 31.fxg3 Rc8 32.Kh3 Qe4 33.Rd8 Rg8 34.Qd6+ Ka8 35.Qd5+ Qxd5
36.Rxd5 Rgd8 37.Rxd8 Rxd8 38.Rxc4 Rd5 39.Kg4 Kb7 40.h5 Kc6 41.h6 {#r} 1-0

[Event "Aeroflot Open A 2017"]
[Site "masterchessopen.com Moscow RUS"]
[Date "2017.02.21"]
[Round "1.9"]
[White "Movsesian,S"]
[Black "Ghaem Maghami,E"]
[Result "1-0"]
[WhiteElo "2679"]
[BlackElo "2566"]

1.e4 e5 2.Nf3 Nc6 3.Bb5 Nf6 4.d3 Bc5 5.c3 d6 6.O-O O-O 7.h3 Ne7 8.d4 Bb6 9.Bd3
Ng6 10.Re1 Re8 11.Nbd2 c6 12.Qc2 Nh5 13.Nc4 Nhf4 14.Bf1 Bc7 15.Be3 Qf6 16.Ncd2
Be6 17.Kh1 h6 18.a4 d5 19.a5 a6 20.b4 Bd7 21.Rad1 Rad8 22.c4 Bb8 23.Qc3 dxe4
24.Nxe4 Qf5 25.Ng3 Qf6 26.dxe5 Nxe5 27.Bd4 Nfg6 28.Nxe5 Bxe5 29.Bxe5 Rxe5
30.Rxe5 Qxe5 31.Qxe5 Nxe5 32.f4 Ng6 33.Ne4 Re8 34.Rxd7 Rxe4 35.Rxb7 Nxf4
36.Kg1 Re1 37.Kf2 Rb1 38.g3 Rb2+ 39.Ke3 Ne6 40.Rb6 g5 41.c5 Rb3+ 42.Ke4 Rxg3
43.Rxc6 g4 44.hxg4 Rxg4+ 45.Ke5 Rxb4 46.Rxe6 fxe6 47.c6 Rb1 48.c7 Rc1 49.Kd6
{#r} 1-0

[Event "Aeroflot Open A 2017"]
[Site "masterchessopen.com Moscow RUS"]
[Date "2017.02.21"]
[Round "1.13"]
[White "Smirin,I"]
[Black "Vakhidov,J"]
[Result "1-0"]
[WhiteElo "2670"]
[BlackElo "2561"]

1.e4 c5 2.Nf3 Nc6 3.Bb5 g6 4.c3 Nf6 5.e5 Nd5 6.O-O Bg7 7.d4 cxd4 8.cxd4 Nc7
9.Ba4 O-O 10.Bf4 b5 11.Bb3 d6 12.exd6 exd6 13.Bg5 Qd7 14.Qd2 Bb7 15.d5 Ne7
16.Nc3 f6 17.Bf4 Kh8 18.Ne4 Ncxd5 19.Nxd6 Rad8 20.Bg3 Ba8 21.Rfd1 g5 22.Qe2 a6
23.a4 g4 24.Nd4 f5 25.Ne6 f4 26.Nxf4 Rxf4 27.Bxf4 Ng6 28.Bg3 {#r} 1-0

[Event "Aeroflot Open A 2017"]
[Site "masterchessopen.com Moscow RUS"]
[Date "2017.02.21"]
[Round "1.15"]
[White "Motylev,A"]
[Black "Donchenko,Alexa"]
[Result "1-0"]
[WhiteElo "2663"]
[BlackElo "2553"]

1.e4 c6 2.d4 d5 3.e5 Bf5 4.Nf3 e6 5.Be2 c5 6.Be3 Qb6 7.Nc3 Nc6 8.O-O Qxb2
9.Qe1 c4 10.Rb1 Qxc2 11.Bd1 Qxb1 12.Nxb1 Bxb1 13.Ba4 Bd3 14.Qa5 Kd7 15.Rd1 Nh6
16.Bg5 Be4 17.Rd2 b6 18.Qa6 Kc7 19.Rb2 Nb8 20.Bd8+ Kxd8 21.Qb7 Ba3 22.Qxa8 Kc8
23.Bc6 {#r} 1-0

[Event "Aeroflot Open A 2017"]
[Site "masterchessopen.com Moscow RUS"]
[Date "2017.02.21"]
[Round "1.19"]
[White "Artemiev,V"]
[Black "Petrosyan,M"]
[Result "1-0"]
[WhiteElo "2655"]
[BlackElo "2549"]

1.d4 Nf6 2.c4 e6 3.Nf3 b6 4.a3 Ba6 5.Qc2 c5 6.d5 exd5 7.cxd5 Bb7 8.e4 Qe7
9.Bd3 Nxd5 10.Bg5 Nf6 11.Nc3 h6 12.Bf4 Nh5 13.Bc7 Bc6 14.O-O-O d6 15.Nb5 Qd7
16.e5 Bxb5 17.Bxb5 Qxb5 18.exd6 Be7 19.dxe7 Nd7 20.Qe4 Rc8 21.Qb7 {#r} 1-0

[Event "Aeroflot Open A 2017"]
[Site "masterchessopen.com Moscow RUS"]
[Date "2017.02.21"]
[Round "1.20"]
[White "Schroeder,Ja"]
[Black "Cordova,E"]
[Result "0-1"]
[WhiteElo "2543"]
[BlackElo "2655"]

1.e4 e6 2.d4 d5 3.Nd2 a5 4.Ngf3 a4 5.c3 c5 6.Bd3 Nf6 7.O-O Nc6 8.a3 Be7 9.dxc5
Bxc5 10.Qe2 O-O 11.e5 Nd7 12.c4 f6 13.b4 Ba7 14.exf6 Nxf6 15.Bb2 Bd7 16.b5 Na5
17.Ng5 Re8 18.cxd5 exd5 19.Qf3 h6 20.Bxf6 Qxf6 21.Qxd5+ Be6 22.Nxe6 Qxe6
23.Qxe6+ Rxe6 24.Rad1 Rf8 25.Ne4 Re5 26.Rfe1 Ref5 27.Re2 Nb3 28.g3 Nc5 29.Nxc5
Rxc5 30.Kg2 Rc3 31.Be4 Rxa3 32.Rd7 Rc3 33.Rxb7 Bd4 34.Rd7 Bb6 35.Rd6 Rf6
36.Bd5+ Kf8 37.Rd7 Rd3 38.Rc2 Ke8 39.Rxg7 Rxd5 40.Rc8+ Rd8 41.Rc2 a3 42.Rg8+
Kf7 {#R} 0-1

[Event "Aeroflot Open A 2017"]
[Site "masterchessopen.com Moscow RUS"]
[Date "2017.02.21"]
[Round "1.23"]
[White "Berkes,F"]
[Black "Swapnil,SD"]
[Result "1-0"]
[WhiteElo "2648"]
[BlackElo "2534"]

1.Nf3 Nf6 2.g3 d5 3.Bg2 c6 4.O-O Bg4 5.d3 Nbd7 6.Qe1 e5 7.e4 Bd6 8.h3 Bh5
9.exd5 Nxd5 10.Nxe5 Nxe5 11.d4 O-O 12.dxe5 Re8 13.f4 f6 14.Nc3 fxe5 15.f5 Nxc3
16.Qxc3 e4 17.Bf4 e3 18.Rae1 e2 19.Rf2 Bxf4 20.Rxf4 Qb6+ 21.Qd4 Qa5 22.Qb4
Qxa2 23.Kf2 Rad8 24.g4 Bf7 25.Bf3 Rd7 26.Rd4 a5 27.Qc3 Rxd4 28.Qxd4 h6 29.Rxe2
Rxe2+ 30.Bxe2 Qd5 {#r} 1-0

[Event "Aeroflot Open A 2017"]
[Site "masterchessopen.com Moscow RUS"]
[Date "2017.02.21"]
[Round "1.26"]
[White "Paravyan,D"]
[Black "Swiercz,D"]
[Result "0-1"]
[WhiteElo "2525"]
[BlackElo "2645"]

1.e4 e5 2.Nf3 Nc6 3.Bb5 a6 4.Ba4 Nf6 5.O-O Be7 6.Re1 b5 7.Bb3 O-O 8.c3 d5
9.exd5 Nxd5 10.Nxe5 Nxe5 11.Rxe5 c6 12.d3 Bd6 13.Re1 Bf5 14.Qf3 Qh4 15.g3 Qh3
16.Bxd5 cxd5 17.Qxd5 Rad8 18.Qg2 Qh5 19.Be3 Bh3 20.Qh1 f5 21.Bb6 Rd7 22.Qd5+
Kh8 23.Nd2 Bxg3 24.Qxd7 Bf4 25.Qc6 Bxd2 26.Bc5 Rg8 27.Qd5 Bf4 28.Re3 Bxe3
29.fxe3 Qe2 30.Bd4 h6 31.b3 Kh7 32.Qb7 Kg6 33.Qxa6+ Kh5 34.Qc6 Rc8 35.Qb7 Re8
36.Qf7+ g6 {#R} 0-1

[Event "Aeroflot Open A 2017"]
[Site "masterchessopen.com Moscow RUS"]
[Date "2017.02.21"]
[Round "1.36"]
[White "Tran Tuan Minh"]
[Black "Sethuraman,S"]
[Result "0-1"]
[WhiteElo "2491"]
[BlackElo "2623"]

1.Nf3 d6 2.d4 g6 3.Bf4 Bg7 4.e3 Nd7 5.Bc4 e5 6.Bg5 Ngf6 7.dxe5 dxe5 8.Nc3 h6
9.Bxf6 Qxf6 10.Nd2 O-O 11.O-O Qh4 12.Qe2 Nc5 13.Nb3 Ne6 14.Bxe6 Bxe6 15.Qb5 b6
16.Rfd1 Rfd8 17.Nd5 Rac8 18.Qc6 Rd6 19.Qb7 a5 20.e4 a4 21.Nd2 Kh8 22.Nc4 Rdd8
23.Nde3 Rd4 24.Nd2 Qe7 25.c3 Rdd8 26.Qc6 a3 27.b3 Rd6 28.Qa4 Bf8 29.Ndc4 Rxd1+
30.Rxd1 Rd8 31.Rxd8 Qxd8 32.h3 Qd3 33.Nxa3 Qxc3 34.Nac2 Bc5 35.Qc6 Qd3 36.b4
Bd6 37.a4 Qd2 38.a5 bxa5 39.Qa8+ Kg7 40.bxa5 Bb3 41.a6 Bxc2 42.Qc6 Qe1+ 43.Kh2
Qxf2 44.Nxc2 Bc5 45.Qxc7 Qf4+ {#R} 0-1

[Event "Aeroflot Open A 2017"]
[Site "masterchessopen.com Moscow RUS"]
[Date "2017.02.21"]
[Round "1.37"]
[White "Jumabayev,R"]
[Black "Moskalenko,A"]
[Result "0-1"]
[WhiteElo "2611"]
[BlackElo "2488"]

1.e4 c6 2.d4 d5 3.e5 Bf5 4.Nf3 e6 5.Be2 Bb4+ 6.c3 Ba5 7.O-O Nd7 8.Nbd2 Bc7
9.Re1 g5 10.g3 h6 11.Nf1 Qe7 12.Ne3 Bg6 13.c4 dxc4 14.a4 O-O-O 15.Nxc4 f6
16.Qb3 Be4 17.Bd2 Bd5 18.Bb4 Qh7 19.Qc3 g4 20.Nfd2 h5 21.Bd6 h4 22.Bxc7 Kxc7
23.Ne3 Ne7 24.Bd3 f5 25.Ndf1 hxg3 26.fxg3 Qh6 27.Qb4 c5 28.Rac1 Kb8 29.Qa5 Nc6
{#R} 0-1

[Event "Aeroflot Open A 2017"]
[Site "masterchessopen.com Moscow RUS"]
[Date "2017.02.21"]
[Round "1.38"]
[White "Puranik,A"]
[Black "Vavulin,M"]
[Result "0-1"]
[WhiteElo "2481"]
[BlackElo "2604"]

1.e4 e5 2.Nf3 Nc6 3.Bb5 a6 4.Ba4 d6 5.O-O Bd7 6.d4 exd4 7.Nxd4 b5 8.Nxc6 Bxc6
9.Bb3 Nf6 10.c4 Be7 11.Nc3 O-O 12.Re1 Nd7 13.Bf4 Bf6 14.Qc2 b4 15.Nd5 a5
16.Qd2 Re8 17.Bd1 Nc5 18.Bf3 Bxd5 19.cxd5 a4 20.Rac1 a3 21.bxa3 Bc3 22.Rxc3
bxc3 23.Qxc3 Ra4 24.Qc2 Qa8 25.Be3 Rxa3 26.Re2 Qa5 27.Bd2 Qb5 28.Bc1 Ra4 29.h3
Rc4 30.Qd1 Qb1 31.Re1 Qxa2 32.Be3 Nxe4 33.Qd3 Nc5 34.Qf5 Qc2 35.Qxc2 Rxc2
36.Ra1 h6 37.Ra7 Re7 38.Bg4 Rc4 39.Ra8+ Kh7 40.Be2 Rc3 41.Bb5 Rexe3 42.fxe3
Rxe3 43.Rf8 Kg6 44.Kf2 Re5 45.Be8 Nd3+ 46.Kf3 Re7 47.Bb5 Nb4 48.Bc4 Re5 {#R}
0-1

[Event "Aeroflot Open A 2017"]
[Site "masterchessopen.com Moscow RUS"]
[Date "2017.02.21"]
[Round "1.39"]
[White "Bosiocic,Mari"]
[Black "Narayanan,Sri"]
[Result "0-1"]
[WhiteElo "2602"]
[BlackElo "2474"]

1.d4 Nf6 2.c4 e6 3.Nf3 b6 4.g3 Bb7 5.Bg2 Bb4+ 6.Bd2 c5 7.Bxb4 cxb4 8.O-O O-O
9.Qd3 d6 10.Nbd2 Nbd7 11.e4 e5 12.a3 bxa3 13.Rxa3 Re8 14.Nh4 g6 15.d5 Nc5
16.Qe3 a5 17.f4 Nfd7 18.f5 Kg7 19.Bh3 Nf6 20.Nhf3 h6 21.fxg6 fxg6 22.Nh4 Bc8
23.Bxc8 Rxc8 24.b4 axb4 25.Ra7+ Re7 26.Rxf6 Kxf6 27.Qxh6 Rxa7 28.Qxg6+ Ke7
29.Nf5+ Kf8 30.Nxd6 Rcc7 31.Nf5 Rg7 32.Qh5 Ra1+ 33.Nf1 Qg5 34.Qh8+ Kf7 35.h4
Qf6 36.Qb8 Nxe4 {#R} 0-1

[Event "Aeroflot Open A 2017"]
[Site "masterchessopen.com Moscow RUS"]
[Date "2017.02.21"]
[Round "1.41"]
[White "Kovalev,Vl"]
[Black "Sarana,A"]
[Result "1-0"]
[WhiteElo "2598"]
[BlackElo "2468"]

1.e4 e5 2.Nf3 Nc6 3.Bb5 a6 4.Ba4 Nf6 5.O-O Be7 6.d3 d6 7.c3 O-O 8.Nbd2 Re8
9.Re1 Bf8 10.Nf1 h6 11.Ng3 b5 12.Bc2 g6 13.a4 Bb7 14.b4 Bg7 15.axb5 axb5
16.Rxa8 Qxa8 17.Bb3 Qd8 18.Bd2 Nb8 19.Qc1 h5 20.Bh6 Nh7 21.Qe3 Nd7 22.Ra1 c5
23.h3 Bf6 24.Nf1 Qb6 25.Qd2 Ra8 26.Rxa8+ Bxa8 27.Qa2 {#r} 1-0

[Event "Aeroflot Open A 2017"]
[Site "masterchessopen.com Moscow RUS"]
[Date "2017.02.21"]
[Round "1.46"]
[White "Gusain,H"]
[Black "Alekseenko,K"]
[Result "0-1"]
[WhiteElo "2438"]
[BlackElo "2588"]

1.e4 c5 2.Nf3 d6 3.d4 cxd4 4.Nxd4 Nf6 5.Nc3 Bd7 6.Bg5 e6 7.Qd2 a6 8.O-O-O h6
9.Bh4 Nxe4 10.Nxe4 Qxh4 11.Re1 e5 12.Qb4 Bc8 13.Nxd6+ Kd7 14.Qa4+ Nc6 15.Nxc8
Kxc8 16.c3 exd4 17.Re8+ Nd8 18.g3 Qf6 19.Bh3+ Kb8 20.Qa5 Bb4 21.Rxd8+ Rxd8
22.Qxb4 Qxf2 23.Rf1 Qe3+ 24.Kb1 dxc3 25.bxc3 Ka7 26.Rxf7 Qe1+ 27.Kb2 Rd2+ {#R}
0-1

[Event "Aeroflot Open A 2017"]
[Site "masterchessopen.com Moscow RUS"]
[Date "2017.02.21"]
[Round "1.47"]
[White "Lalith,B"]
[Black "Abdusattorov,Nodirbek"]
[Result "0-1"]
[WhiteElo "2584"]
[BlackElo "2429"]

1.d4 Nf6 2.c4 e6 3.Nc3 Bb4 4.Qc2 d5 5.cxd5 exd5 6.Bg5 h6 7.Bh4 O-O 8.e3 Be6
9.a3 Be7 10.Bd3 c5 11.dxc5 d4 12.exd4 Nc6 13.Nge2 Nxd4 14.Nxd4 Qxd4 15.Ne4
Nxe4 16.Bxe7 Bb3 17.Qe2 Nxf2 18.Qxf2 Qxd3 19.Qh4 Bc4 {#R} 0-1

[Event "Aeroflot Open A 2017"]
[Site "masterchessopen.com Moscow RUS"]
[Date "2017.02.21"]
[Round "1.48"]
[White "Kovalevskaya,E"]
[Black "Van Foreest,Jorden"]
[Result "1-0"]
[WhiteElo "2423"]
[BlackElo "2584"]

1.e4 c5 2.Nf3 a6 3.c3 d5 4.exd5 Nf6 5.d4 cxd4 6.Qxd4 Qxd5 7.Qxd5 Nxd5 8.Bc4
Nb6 9.Bb3 e6 10.Be3 N8d7 11.Nbd2 Bc5 12.Bxc5 Nxc5 13.Bc2 Bd7 14.O-O-O f6
15.Rhe1 O-O-O 16.b4 Nca4 17.Ne4 Kc7 18.Bb3 e5 19.c4 Bc6 20.Rxd8 Rxd8 21.Nfd2
Nc8 22.f3 Ne7 23.Ng3 Ng6 24.Nh5 Rd7 25.Ne4 Nh4 26.Bxa4 Bxa4 27.Nc5 Rd4 28.Ne6+
Kb6 29.Nxd4 exd4 30.Re6+ Bc6 31.a4 Ka7 32.b5 axb5 33.axb5 Bd7 34.Re7 Bf5
35.Rxg7 Bd3 36.Rd7 Nxg2 37.Rxd4 Bg6 38.Nf4 {#r} 1-0

[Event "Aeroflot Open B 2017"]
[Site "masterchessopen.com Moscow RUS"]
[Date "2017.02.21"]
[Round "1.2"]
[White "Stathopoulos,I"]
[Black "Lintchevski,D"]
[Result "0-1"]
[WhiteElo "2387"]
[BlackElo "2524"]

1.d4 d5 2.c4 dxc4 3.e4 e5 4.Nf3 exd4 5.Qxd4 Qxd4 6.Nxd4 Nf6 7.Nc3 Bc5 8.Ndb5
Na6 9.Bf4 Be6 10.Nxc7+ Nxc7 11.Bxc7 Rc8 12.Bf4 b5 13.f3 b4 14.Na4 Be7 15.b3
O-O 16.Bxc4 Bxc4 17.bxc4 Rxc4 18.Be3 Rc2 19.O-O Rd8 20.Rfc1 Re2 21.Re1 Rxe1+
22.Rxe1 Kf8 23.Rc1 Ne8 24.Rc6 Rd3 25.Bc1 Rd6 26.Rxd6 Nxd6 27.Kf2 Ke8 28.Ke2
Kd7 29.Bb2 g6 30.Bd4 Nb5 31.Be3 Kc6 32.Kd3 a5 33.Nb6 Nc3 34.a3 Nd1 35.Nd5 Bd6
36.axb4 Nxe3 37.Kxe3 Bxb4 38.Kd4 Bd6 39.e5 Bc5+ 40.Kc4 Bg1 41.h3 Bh2 42.f4 Bg3
43.Kd4 a4 44.Ke4 Be1 45.Ne3 a3 46.Nc2 a2 47.Kd3 Kc5 48.g4 Bg3 49.Ke4 Kc4 50.f5
Kc3 {#R} 0-1

[Event "Aeroflot Open B 2017"]
[Site "masterchessopen.com Moscow RUS"]
[Date "2017.02.21"]
[Round "1.7"]
[White "Levin,Ev"]
[Black "Charochkina,D"]
[Result "1-0"]
[WhiteElo "2506"]
[BlackElo "2383"]

1.d4 d5 2.c4 c6 3.Nf3 Nf6 4.e3 Bg4 5.h3 Bh5 6.Nc3 e6 7.g4 Bg6 8.Ne5 Nbd7 9.h4
dxc4 10.Nxg6 hxg6 11.g5 Nd5 12.Bxc4 N7b6 13.Be2 Nxc3 14.bxc3 Qd5 15.Bf3 Qa5
16.Bd2 O-O-O 17.Qb3 Qf5 18.Ke2 Qb5+ 19.Qxb5 cxb5 20.Rhb1 b4 21.Rh1 Nc4 22.Be1
bxc3 23.Bxc3 Ba3 24.Rab1 b6 25.d5 exd5 26.Bxg7 Rhe8 27.Rhd1 Bc5 28.Bxd5 Ne5
29.Bxe5 Rxe5 30.Bxf7 Rh8 31.Rh1 Re4 32.Bxg6 Rexh4 33.Bf5+ Kd8 34.Rxh4 Rxh4
35.g6 Rh5 36.Rg1 Bf8 37.g7 Bxg7 38.Rxg7 Rxf5 39.Rxa7 {#r} 1-0

[Event "Aeroflot Open B 2017"]
[Site "masterchessopen.com Moscow RUS"]
[Date "2017.02.21"]
[Round "1.10"]
[White "Gorbatov,A"]
[Black "Gavrilov,Al1"]
[Result "1-0"]
[WhiteElo "2374"]
[BlackElo "2495"]

1.d4 d5 2.c4 c6 3.cxd5 cxd5 4.Nc3 Nc6 5.Bf4 Bf5 6.e3 e6 7.Nf3 Bd6 8.Bxd6 Qxd6
9.Bb5 Ne7 10.Qd2 O-O 11.O-O Rac8 12.Rfc1 Rfd8 13.h3 h6 14.Be2 Be4 15.Qe1 Bxf3
16.Bxf3 a6 17.Rd1 Rc7 18.a3 b5 19.Be2 Rb8 20.Rac1 Na7 21.Na2 Rbc8 22.Bd3 g5
23.Qa5 Rxc1 24.Rxc1 Rxc1+ 25.Nxc1 Nec8 26.Nb3 Qb6 27.Qc3 Nd6 28.Qb4 Qc7 29.Nc5
a5 30.Qc3 a4 31.Nxa4 Nc6 32.Nc5 Nc4 33.a4 b4 34.Qc2 N6a5 35.b3 Na3 36.Qd2 Qb6
37.Bb5 e5 38.Qxb4 Nc2 39.Qc3 {#r} 1-0

[Event "Aeroflot Open B 2017"]
[Site "masterchessopen.com Moscow RUS"]
[Date "2017.02.21"]
[Round "1.11"]
[White "Matinian,N"]
[Black "Kakageldyev,A"]
[Result "1-0"]
[WhiteElo "2494"]
[BlackElo "2374"]

1.e4 g6 2.d4 Bg7 3.Nc3 d6 4.f4 a6 5.Nf3 b5 6.Bd3 Nd7 7.a4 b4 8.Ne2 c5 9.c3
cxd4 10.cxd4 a5 11.h4 Ndf6 12.e5 Nh5 13.Bb5+ Kf8 14.O-O Nh6 15.Be3 Ng4 16.Qd2
Bh6 17.d5 Ng7 18.Ned4 Nxe3 19.Qxe3 Nf5 20.Nxf5 Bxf5 21.Qd4 Rb8 22.exd6 Bg7
23.dxe7+ Qxe7 24.Ne5 Rd8 25.Rac1 Bf6 26.Rfd1 Rd6 27.Qc5 Kg7 28.Nc4 Re6 29.d6
Qd8 30.Ne5 Bxe5 31.fxe5 Qxh4 32.Bd7 Qg3 33.Bxe6 Bxe6 34.Re1 h5 35.Qf2 Qb3
36.Rc7 Rf8 37.Re7 Qxa4 38.Qf6+ Kg8 39.Rxe6 fxe6 40.Qxg6+ Kh8 41.Qh6+ Kg8
42.Qxe6+ Kg7 43.Qe7+ {#r} 1-0

[Event "Aeroflot Open B 2017"]
[Site "masterchessopen.com Moscow RUS"]
[Date "2017.02.21"]
[Round "1.12"]
[White "Sindarov,Javokhir"]
[Black "Potapov,P"]
[Result "0-1"]
[WhiteElo "2374"]
[BlackElo "2493"]

1.e4 d5 2.exd5 Qxd5 3.Nc3 Qd6 4.d4 Nf6 5.Nf3 g6 6.Nb5 Qb6 7.Be2 c6 8.Na3 Qc7
9.O-O Bg7 10.c3 O-O 11.Nc4 Nbd7 12.Re1 b6 13.Bf1 Nd5 14.Bg5 Re8 15.Bh4 Bb7
16.Bg3 Qc8 17.Nce5 Nxe5 18.Bxe5 Bh6 19.Qb3 Qf5 20.Bg3 Rad8 21.Rad1 Nf4 22.Re5
Nh3+ 23.Kh1 Qf6 24.c4 c5 25.d5 Nf4 26.Rde1 g5 27.h4 g4 28.Nh2 Bc8 29.Qd1 Qg6
30.Rxe7 Rxe7 31.Rxe7 a5 32.Qe1 Rf8 33.Re4 Nh5 34.Bc7 f5 35.Re7 f4 36.d6 Nf6
37.Qd1 Bd7 38.Rxd7 Nxd7 39.Qd5+ Kh8 40.Bd3 Qg7 41.Qe6 g3 42.Ng4 Qxb2 43.Kg1
Qc1+ 44.Bf1 gxf2+ 45.Kxf2 Bg7 46.Qxd7 Bd4+ 47.Ke2 f3+ {#R} 0-1

[Event "Aeroflot Open B 2017"]
[Site "masterchessopen.com Moscow RUS"]
[Date "2017.02.21"]
[Round "1.16"]
[White "Savenkov,K"]
[Black "Belyakov,B"]
[Result "0-1"]
[WhiteElo "2365"]
[BlackElo "2487"]

1.Nf3 Nf6 2.g3 g6 3.Bg2 Bg7 4.O-O O-O 5.d4 d6 6.Nc3 d5 7.Re1 Bf5 8.Ne5 c6 9.h3
h5 10.Bf4 Nbd7 11.b4 Nxe5 12.Bxe5 a5 13.b5 cxb5 14.Bxf6 exf6 15.Nxb5 Rc8 16.c3
Qd7 17.Qb3 Rc4 18.Na3 a4 19.Qb2 Rc7 20.Kh2 h4 21.g4 Be6 22.f4 f5 23.g5 Qd6
24.e3 Bd7 25.Rac1 Rfc8 26.Nb5 Bxb5 27.Qxb5 Rxc3 28.Rxc3 Rxc3 29.Qxd5 Qa3
30.Rb1 Rxe3 31.Rxb7 Rxh3+ 32.Bxh3 Qg3+ 33.Kh1 Qxh3+ 34.Kg1 Bxd4+ 35.Qxd4 Qg3+
36.Kh1 Qf3+ 37.Kg1 Qxb7 38.Qxa4 Qb1+ {#R} 0-1

[Event "Aeroflot Open B 2017"]
[Site "masterchessopen.com Moscow RUS"]
[Date "2017.02.21"]
[Round "1.20"]
[White "Sabirov,Temirjan"]
[Black "Gasanov,E"]
[Result "0-1"]
[WhiteElo "2340"]
[BlackElo "2479"]

1.Nf3 c5 2.g3 Nc6 3.Bg2 e5 4.O-O d5 5.c4 d4 6.d3 Bd6 7.e3 Nge7 8.exd4 cxd4
9.Nbd2 O-O 10.Ne4 Bc7 11.Re1 a5 12.Qa4 Rb8 13.a3 Bd7 14.Nc5 Be8 15.Qc2 Qc8
16.b4 axb4 17.axb4 Nxb4 18.Qb3 Nbc6 19.Ba3 f6 20.Nd2 Bf7 21.Qb5 Ba5 22.Nce4
Bc3 23.Rac1 Rd8 24.Nxc3 dxc3 25.Rxc3 Nd4 26.Qb2 Nec6 27.Ne4 Bh5 28.Nd6 Qc7
29.Bd5+ Kh8 30.c5 Nf3+ 31.Bxf3 Bxf3 32.Qa2 Rd7 33.Rc2 Nd4 34.Rb2 Rxd6 35.cxd6
Qd7 {#R} 0-1

[Event "Aeroflot Open B 2017"]
[Site "masterchessopen.com Moscow RUS"]
[Date "2017.02.21"]
[Round "1.21"]
[White "Lin Chen"]
[Black "Kakabaev,Mergen"]
[Result "1-0"]
[WhiteElo "2478"]
[BlackElo "2329"]

1.d4 d5 2.Bf4 Nf6 3.e3 c6 4.Bd3 g6 5.Nc3 Bg7 6.h4 b6 7.Nf3 Ba6 8.Bxa6 Nxa6
9.Ne5 Qc8 10.Qe2 Nb8 11.O-O-O Nbd7 12.g4 h5 13.f3 b5 14.g5 Ng8 15.Nxd7 Qxd7
16.e4 a6 17.exd5 cxd5 18.Be5 f6 19.gxf6 Nxf6 20.Rhg1 Kf7 21.Qd3 Bh6+ 22.Kb1
Rhg8 23.Rg2 b4 24.Ne2 Qf5 25.Qb3 a5 26.Ng3 Qd7 27.Qd3 Qc6 28.f4 Qa6 29.Qf3 e6
30.Rdg1 Ng4 31.f5 Raf8 32.fxg6+ Kxg6 33.Qd1 Ne3 34.Qxh5+ Kh7 35.Nf5 Nxf5
36.Rxg8 Rxg8 37.Qf7+ Rg7 38.Bxg7 Bxg7 39.h5 e5 40.Qxf5+ Kh8 41.dxe5 a4 42.Qg6
{#r} 1-0

[Event "Aeroflot Open B 2017"]
[Site "masterchessopen.com Moscow RUS"]
[Date "2017.02.21"]
[Round "1.23"]
[White "Atabayev,Y"]
[Black "Navalgund,N"]
[Result "1-0"]
[WhiteElo "2475"]
[BlackElo "2327"]

1.e4 e5 2.Nf3 Nc6 3.d4 exd4 4.Bc4 Bc5 5.O-O Nf6 6.e5 d5 7.exf6 dxc4 8.fxg7 Rg8
9.Bg5 Be7 10.Bxe7 Nxe7 11.Qxd4 Qxd4 12.Nxd4 Rxg7 13.Nb5 Kd8 14.Rd1+ Bd7
15.N5a3 c5 16.Nxc4 Kc7 17.Nc3 Bc6 18.g3 h5 19.Ne5 h4 20.Nxc6 Kxc6 21.Rd3 Nf5
22.Rf3 Nd6 23.Re1 Rg6 24.Re7 f5 25.Re5 Rg4 26.Rd3 hxg3 27.fxg3 c4 28.Rd1 a6
29.Kg2 b5 30.a4 Ne4 31.axb5+ axb5 32.Re6+ Kb7 33.Rd7+ Kc8 34.Rf7 Kd8 35.Rxe4
{#r} 1-0

[Event "Aeroflot Open B 2017"]
[Site "masterchessopen.com Moscow RUS"]
[Date "2017.02.21"]
[Round "1.24"]
[White "Gevorgyan,D"]
[Black "Diermair,A"]
[Result "0-1"]
[WhiteElo "2324"]
[BlackElo "2465"]

1.d4 d5 2.c4 e6 3.Nc3 c6 4.cxd5 exd5 5.Nf3 Bf5 6.Qb3 Qb6 7.Qxb6 axb6 8.Ne5 Na6
9.g4 Bg6 10.f3 Nb4 11.Kd2 f6 12.Nd3 h5 13.Nf4 Bf7 14.Nxh5 Bxh5 15.gxh5 Rxh5
16.a3 Bd6 17.Rb1 Na6 18.h3 b5 19.e4 Ne7 20.Nd1 Rh4 21.Bd3 Nc7 22.Ne3 Kf7
23.Ng2 Rh5 24.Be2 Rg5 25.Bf1 Ne6 26.Kd3 dxe4+ 27.Kxe4 Rg3 28.Bf4 Bxf4 29.Nxf4
Ng5+ 30.Kd3 Rxf3+ {#R} 0-1

[Event "Aeroflot Open B 2017"]
[Site "masterchessopen.com Moscow RUS"]
[Date "2017.02.21"]
[Round "1.26"]
[White "Lesovoi,Evgenij"]
[Black "Kjartansson,G"]
[Result "1-0"]
[WhiteElo "2323"]
[BlackElo "2464"]

1.d4 d5 2.c4 c6 3.Nf3 Nf6 4.e3 Bf5 5.Bd3 Bxd3 6.Qxd3 e6 7.Nbd2 Nbd7 8.O-O Be7
9.b3 O-O 10.Bb2 c5 11.Rfd1 cxd4 12.Qxd4 Qb6 13.cxd5 Qxd4 14.Nxd4 Nxd5 15.Nc4
N7b6 16.Rac1 Nxc4 17.Rxc4 Rfc8 18.Rdc1 Rxc4 19.Rxc4 Kf8 20.g3 a6 21.a4 Ke8
22.e4 Nb6 23.Rc7 Rb8 24.Nf3 Bd8 25.Rc2 g6 26.Kf1 Rc8 27.Rxc8 Nxc8 28.Ke2 Na7
29.Kd3 Nc6 30.Ne5 Bf6 31.Nxc6 Bxb2 32.Na5 b5 33.Nc6 Ba3 34.axb5 axb5 35.Nd4
Bc5 36.f3 b4 37.Kc4 Bb6 38.Ne2 Kd7 39.Kxb4 f5 40.Nf4 Bg1 41.h3 fxe4 42.fxe4
Bf2 43.g4 Bg3 44.Nd3 Kc6 45.Kc4 Bb8 46.Nc5 h5 47.Nxe6 Kd6 48.Nd4 hxg4 49.hxg4
g5 {#r} 1-0

[Event "Aeroflot Open B 2017"]
[Site "masterchessopen.com Moscow RUS"]
[Date "2017.02.21"]
[Round "1.27"]
[White "Baghdasaryan,V"]
[Black "Smirnov,Timofey"]
[Result "0-1"]
[WhiteElo "2462"]
[BlackElo "2323"]

1.e4 c5 2.Nf3 d6 3.d4 cxd4 4.Nxd4 Nf6 5.Nc3 a6 6.Bg5 Nbd7 7.Bc4 h6 8.Bh4 g6
9.Qe2 Qc7 10.a4 Bg7 11.Rd1 O-O 12.O-O Ne5 13.Bb3 g5 14.Bg3 Qc5 15.Rfe1 Bd7
16.h4 gxh4 17.Bxh4 Ng6 18.Bg3 Nh5 19.Nf5 Nxg3 20.Nxg3 Qg5 21.Nd5 Be5 22.Nf1
Bh3 23.Nfe3 Kh7 24.Qf3 Be6 25.Nf5 Rg8 26.g3 Raf8 27.Nde3 Bxb2 28.Ng2 Ne5
29.Qe2 Qf6 {#R} 0-1

[Event "Aeroflot Open B 2017"]
[Site "masterchessopen.com Moscow RUS"]
[Date "2017.02.21"]
[Round "1.29"]
[White "Badmatsyrenov,O"]
[Black "Koepke,C"]
[Result "1-0"]
[WhiteElo "2456"]
[BlackElo "2317"]

1.e4 c5 2.b3 g6 3.Bb2 Nf6 4.g3 Bg7 5.Bg2 O-O 6.Ne2 Nc6 7.O-O d6 8.d4 cxd4
9.Nxd4 Bg4 10.Qd2 Qd7 11.Re1 Nxd4 12.Bxd4 Bh3 13.c4 Bxg2 14.Kxg2 a6 15.Nc3 b5
16.cxb5 axb5 17.Rad1 Qb7 18.Bxf6 Bxf6 19.Nd5 Bg7 20.Rc1 Rfc8 21.Rxc8+ Rxc8
22.Rc1 Rc5 23.Rxc5 dxc5 24.Qa5 f5 25.a4 fxe4 26.Qd8+ Kf7 27.axb5 e6 28.Qc7+
Qxc7 29.Nxc7 Ke7 30.Na6 Kd6 31.b6 Kc6 32.b7 Be5 33.Kf1 Bd6 34.b8=Q Bxb8
35.Nxb8+ Kc7 36.Na6+ Kb6 37.Nxc5 Kxc5 38.Ke2 Kb4 39.Ke3 Kxb3 40.Kxe4 Kc2 41.f4
Kd2 42.Ke5 Ke3 43.Kxe6 Kf3 44.Kf6 Kg2 45.Kg5 Kxh2 46.g4 Kg3 47.f5 {#r} 1-0

[Event "Aeroflot Open B 2017"]
[Site "masterchessopen.com Moscow RUS"]
[Date "2017.02.21"]
[Round "1.30"]
[White "Zhu,Yi"]
[Black "Zakhartsov,Vl"]
[Result "0-1"]
[WhiteElo "2317"]
[BlackElo "2453"]

1.d4 Nf6 2.c4 e6 3.g3 d5 4.Nf3 Be7 5.Bg2 O-O 6.O-O dxc4 7.Qc2 a6 8.Qxc4 b5
9.Qc2 Bb7 10.Bg5 Nbd7 11.Nbd2 c5 12.Bxf6 gxf6 13.Rac1 Qb6 14.dxc5 Nxc5 15.Nh4
Bxg2 16.Nxg2 Rfd8 17.Ne4 Rac8 18.Rfd1 f5 19.Nxc5 Rxc5 20.Qb3 Rxc1 21.Rxc1 Bf6
22.Nf4 Qd4 23.Rc6 Qe4 24.Rxa6 Rd2 25.Qf3 Qxf3 26.exf3 Bd4 27.Nh3 Rxb2 28.g4 f4
29.Ra8+ Kg7 30.Nxf4 Rxf2 31.Kh1 Kf6 32.Nh5+ Kg5 33.Ra3 Kh4 34.h3 Kxh3 35.Nf4+
Kg3 36.Nh5+ Kh4 37.Rd3 e5 38.Ng7 Kh3 {#R} 0-1